00612nam a2200205Ia 4500003000400000005001700004008004100021020001900062040000700081041000800088082001500096100003000111245003200141260004200173300000900215650002000224942001300244999001900257952013000276OSt20250927102852.0250729s2006 xx 000 0 und d a 9788183420259 cAL aeng a530.7 MALM aMalhothra Vinayak9222810 aMethods of teaching physics aNew DelhibCrescent Publicationc2006 a301p aPhysics9222811 2ddccBED c235620d235620 00104070aALbALd2025-07-29eSita Book Houseg185.00l0o530.7 MALMpBED00939r2025-07-29 16:54:09v185.00w2025-07-29yBK